Statistics for One Piece Devil Fruits

Click here to take the quiz!

General Stats

  • This quiz has been taken 4,537 times
    (2,788 since last reset)
  • The average score is 44 of 107

Answer Stats

CharacterDevil Fruit% Correct
Monkey D. LuffyGomu Gomu
99%
Portgas D. AceMera Mera
91%
SengokuHito Hito Model Daibutsu
88%
Tony Tony ChopperHito Hito
87%
SmokerMoku Moku
87%
CrocodileSuna Suna
83%
BuggyBara Bara
80%
Marshall D. TeachYami Yami
80%
BorsalinoPika Pika
78%
Doquixote DoflamingoIto Ito
77%
Boa HancockMero Mero
74%
EnelGoro Goro
73%
KuzanHie Hie
73%
Nico RobinHana Hana
71%
Gecko MoriaKage Kage
70%
SakazukiMagu Magu
70%
Trafalgar D. Water LawOpe Ope
70%
Bartholomew KumaNikyu Nikyu
65%
Charlotte LinlinSoru Soru
65%
AlvidaSube Sube
65%
Rob LucciNeko Neko Model Leopard
63%
KakuUshi Ushi Model Giraffe
63%
BellamyBane Bane
60%
MagellanDoku Doku
60%
Caesar ClownGasu Gasu
60%
Mr. 5Bomu Bomu
59%
PeronaHoro Horo
58%
Edward NewgateGura Gura
57%
Boa SandersoniaHebi Hebi Model Anaconda
57%
Boa MarigoldHebi Hebi Model King Cobra
57%
JabraInu Inu Model Wolf
57%
Charlotte KatakuriMochi Mochi
57%
BartolomeoBari Bari
56%
Kurozumi OrochiHebi Hebi Model Yamata no Orochi
55%
FoxyNoro Noro
55%
BrookYomi Yomi
55%
AbsalomSuke Suke
54%
PellTori Tori Model Falcon
54%
KalifaAwa Awa
53%
Miss ValentineKilo Kilo
53%
BluenoDoa Doa
52%
MonetYuki Yuki
49%
GaldinoDoru Doru
47%
Emporio IvankovHoru Horu
47%
JackZou Zou Model Mammoth
47%
PicaIshi Ishi
46%
WapolBaku Baku
44%
QueenRyu Ryu Model Brachiosaurus
44%
Capone BegeShiro Shiro
44%
Baby 5Buki Buki
43%
KingRyu Ryu Model Pteranodon
43%
Page OneRyu Ryu Model Spinosaurus
43%
UltiRyu Ryu Model Pachycephalosaurus
42%
Senor PinkSui Sui
42%
FunkfreedZou Zou
41%
Catarina DevonInu Inu Model Nine-Tailed Fox
40%
Charlotte PerosperoPero Pero
40%
ChakaInu Inu Model Jackal
39%
DaltonUshi Ushi Model Bison
39%
LassooInu Inu Model Dachshund
38%
Charlotte BrûléeMira Mira
38%
Miss Merry ChristmasMogu Mogu
35%
Charlotte OvenNetsu Netsu
35%
Charlotte CrackerBisu Bisu
30%
PekomsKame Kame
30%
CaribouNuma Numa
30%
Charlotte PuddingMemo Memo
28%
TamagoTama Tama
28%
MachviseTon Ton
28%
PaulaToge Toge
27%
Kozuki TokiToki Toki
27%
InazumaChoki Choki
25%
BenthamMane Mane
25%
Vander Decken IXMato Mato
25%
BuffaloGuru Guru
24%
HinaOri Ori
24%
DiamanteHira Hira
23%
MansherryChiyu Chiyu
22%
ShikiFuwa Fuwa
22%
Kelly FunkJake Jake
21%
Daz BonesSupa Supa
21%
PierreUma Uma
21%
TsuruWoshu Woshu
20%
Charlotte Mont-d'OrBuku Buku
19%
LeoNui Nui
18%
SmileySara Sara Model Axolotl
18%
SugarHobi Hobi
17%
ShuSabi Sabi
17%
Doquixote RosinanteNagi Nagi
15%
Very GoodBeri Beri
14%
StreusenKuku Kuku
14%
JoraAto Ato
13%
Charlotte OperaKuri Kuri
12%
TreborBeta Beta
11%
KabuMushi Mushi Model Kabutomushi
10%
GladiusPamu Pamu
10%
Charlotte SmoothieShibo Shibo
10%
Charlotte DaifukuHoya Hoya
9%
BianMushi Mushi Model Suzumebachi
9%
ViolaGiro Giro
8%
RaizoMaki Maki
8%
SharinguruShari Shari
8%
Charlotte GaletteBata Bata
7%
ShinobuJuku Juku
7%
MorleyOshi Oshi
4%
Charlotte NewshiGocha Gocha
3%
Belo BettyKobu Kobu
3%

Score Distribution

Percentile by Number Answered

Percent of People with Each Score

Your Score History

You have not taken this quiz since the last reset